| 000 | 01259nam a22003138i 4500 | ||
|---|---|---|---|
| 001 | 020305897 | ||
| 003 | EG-ScBUE | ||
| 005 | 20220303120443.0 | ||
| 008 | 210813s2022 ne a f 001 0 eng d | ||
| 020 | _a9780702081415 (pbk.) | ||
| 040 |
_aStDuBDS _beng _erda _cStDuBDS _dEG-ScBUE |
||
| 082 | 0 | 4 |
_a617.605 _222 _bMAS |
| 245 | 0 | 0 |
_aMaster dentistry. _nVolume 1, _pOral and maxillofacial surgery, radiology, pathology and oral medicine / _cPaul Coulthard, dean for dentistry & director, professor of oral & maxillofacial surgery, Barts and the London School of Medicine and dentistry, Queen Mary University of London, [and three others]. |
| 246 | 3 | 0 | _aOral and maxillofacial surgery, radiology, pathology and oral medicine |
| 250 | _aFourth edition. | ||
| 264 | 1 |
_aAmsterdam : _bElsevier, _c2022. |
|
| 300 |
_a1 volume : _billustrations (colour) ; _c28 cm |
||
| 336 |
_atext _2rdacontent _btxt |
||
| 336 |
_astill image _2rdacontent _btxt |
||
| 337 |
_aunmediated _2rdamedia _bn |
||
| 338 |
_avolume _2rdacarrier _bnc |
||
| 500 | _aIncludes index. | ||
| 650 | 7 |
_aDentistry, Operative. _2BUEsh |
|
| 653 |
_bDDENT _cMarch2022 |
||
| 655 |
_vReading book _934232 |
||
| 700 | 1 |
_aCoulthard, Paul, _eauthor. _940652 |
|
| 942 |
_2ddc _cBB |
||
| 999 |
_c29843 _d29814 |
||